| 000 | 01242nam a22003497a 4500 | ||
|---|---|---|---|
| 003 | CHAP | ||
| 005 | 20220329140906.0 | ||
| 008 | 971013s1984 r 00010 d | ||
| 010 | _a59392 | ||
| 011 | _a60364 | ||
| 035 | _a64525 | ||
| 040 | _cCHAP | ||
| 082 |
_a631.45 _bD5 |
||
| 100 | 0 | 0 |
_aDíaz-Fierros Viqueira, Francisco. _933699 |
| 245 |
_aCapacidad productiva de los suelos de Galicia _b: mapa : 1 : 200 000 |
||
| 260 |
_a(Santiago de Compostela) : _bUniversidad de Santiago Compostela, _c1984 |
||
| 300 |
_a82 p. _b: ilus. ; gráfs. ; mapas |
||
| 590 |
_aBATCH-UPD _b10 _c20130110 _lUCH01 _h0622 |
||
| 590 |
_aBATCH-UPD _b10 _c20130410 _lUCH01 _h0304 |
||
| 590 |
_aBATCH-UPD _b10 _c20130914 _lUCH01 _h1218 |
||
| 590 |
_aCONVERSION _b10 _c20130109 _lUCH01 _h1332 |
||
| 650 | 1 | 4 |
_aSuelos _xEspaña. _9110358 |
| 650 | 1 | 4 |
_aSuelos _xFertilidad. _9110367 |
| 650 | 1 | 4 |
_aSuelos _xMapas. _9110427 |
| 650 | 1 | 4 |
_aTierras _xAprovechamiento _xEspaña. _9113078 |
| 650 | 1 | 4 |
_aTierras _xUtilización. _9113219 |
| 700 | 0 |
_aGil Sotres, Fernando. _947955 |
|
| 901 | _aBK | ||
| 942 | _cLIBRO | ||
| 949 |
_a631.45 D5 _bBC _cC _d33724000881702 _eC _gI. 138584 _h72223 _i64525 _si _t42.77 |
||
| 949 |
_a631.45 D5 _bBC _cC _d33724000889622 _eC _fc.2 _h82418 _i64525 _si _t42.77 |
||
| 999 |
_c59392 _d59392 |
||